Alternativas de solucion a la denominada congeladora legislativa en la Cm̀ara de Diputados

Detalles Bibliográficos
Autor principal: Salgado Loyo, Alfredo
Otros Autores: Escuadra Da̕z, Juan Manuel
Formato: eBook
Lenguaje:español
Publicado: Ciudad de Mx̌ico: Cm̀ara de Diputados, 2007
Materias:
Acceso en línea:Acceso restringido

MARC

LEADER 00000nam a22000007a 4500
005 20170917230539.0
007 cr|||| ||||
008 170917s2007 mx |||||s||||f00||0 spa d
035 |a 20557 
040 |a vLex 
090 |c 6976  |d 6976 
100 1 |a Salgado Loyo, Alfredo 
245 1 0 |a Alternativas de solucion a la denominada congeladora legislativa en la Cm̀ara de Diputados  |h [Recurso electrn̤ico] /  |c Alfredo Salgado Loyo, Juan Manuel Escuadra Da̕z 
256 |a Servicio en ln̕ea 
260 |a Ciudad de Mx̌ico:  |b Cm̀ara de Diputados,  |c 2007 
300 |a 1 recurso electrn̤ico (34 p.) 
506 1 |a Disponible solo en los productos indicados  |d vLex Global  |d vLex Global (Academic Edition, excluding Law Schools)  |d vLex Global (U.S. Academic Edition, Law Schools)  |d vLex Global (U.S. Academic Edition, excluding Law Schools)  |d vLex Global (Academic Edition, Law Schools) 
650 0 4 |a Derecho Constitucional  |z Mx̌ico 
700 1 |a Escuadra Da̕z, Juan Manuel 
740 0 |a vLex Libros (Servicio en ln̕ea) 
856 4 0 |u http://vlex.com/source/alternativas-solucion-denominada-congeladora-legislativa-camara-diputados-20557  |z Acceso restringido 
942 |c BOOK 
999 0 |a Constitutional right